Tilastot visalle Väkirikkaimpien valtioiden muodot

Klikkaa tästä pelataksesi tätä visaa!

Yleistilastot

  • Tätä visaa on pelattu 460 kertaa
  • Keskiarvotulos 16 / 20

Vastaustilastot

Vastaus% Oikein
Japani
98%
Yhdysvallat
97%
Kiina
95%
Intia
91%
Egypti
89%
Venäjä
88%
Indonesia
85%
Meksiko
85%
Saksa
82%
Thaimaa
82%
Vietnam
79%
Turkki
77%
Brasilia
76%
Filippiinit
76%
Pakistan
71%
Iran
69%
Etiopia
60%
Bangladesh
59%
Kongon demokraattinen tasavalta
59%
Nigeria
58%

Tulosjakauma

Persentiili vastausten määrän mukaan

Jokaisen tuloksen saaneiden osuus

Tuloshistoriasi

Et ole pelannut tätä visaa